00508nam a2200169 a 4500001001300000003000900013005001700022008004100039020002300080082001500103100002300118245008900141260004200230300000900272500003500281650002200316nice12345678IN_TiNIC20260116015349.0100921s2003 bana grp 000 0 eng  a8187712007 c10000a269.2bPAC aPackiamuthu, David aTirunelveli`s Evangelical Christiansb Two Centuries of Family Vamsavazhi Traditions aBanglore, India bSAIACS Press c2003 a159p aincludes index and biblioraphy aEvangelistic Work